La realidad argentina : ensayo de interpretacion sociologica, tomo i. el sistema capitalista /
Guardado en:
| Autor Principal: | |
|---|---|
| Formato: | Libro |
| Publicado: |
Buenos Aires :
Praxis,
1955
|
| Materias: | |
| Etiquetas: |
Agregar Etiqueta
Sin Etiquetas, Sea el primero en etiquetar este registro!
|
| LEADER | 00663nam a22002055a 4500 | ||
|---|---|---|---|
| 001 | EHU.bham024813 | ||
| 003 | AR-BHAM | ||
| 005 | 20130508102259.0 | ||
| 008 | 130507s1955##################000#0#####d | ||
| 082 | 3 | 2 | |a 320.982 |
| 100 | 1 | |a Frondizi, Silvio | |
| 245 | 1 | 0 | |a La realidad argentina : |b ensayo de interpretacion sociologica, tomo i. el sistema capitalista / |c Silvio Frondizi |
| 260 | |a Buenos Aires : |b Praxis, |c 1955 | ||
| 300 | |a 267 p. | ||
| 653 | |a Donacion lejarraga | ||
| 653 | |a Capitalismo | ||
| 653 | |a Sociologia | ||
| 653 | |a Sociologia argentina | ||
| 653 | |a Capitalismo-historia | ||
| 859 | |a AR-BHAM |b BIB. HUMANIDADES - General |h 320.982 |i F928-1 |p 493.02 |t Ej.1 |v I |3 I | ||
